Έλληνες χαράκτες στον εικοστό αιώνα : από τις συλλογές της Alpha Bank και του Μορφωτικού Ιδρύματος Εθνικής Τραπέζης
Αποθηκεύτηκε σε:
| Συλλογικό Έργο: | , |
|---|---|
| Άλλοι συγγραφείς: | |
| Μορφή: | Βιβλίο |
| Γλώσσα: | Greek |
| Δημοσίευση: |
Αθήνα :
Μορφωτικό Ίδρυμα Εθνικής Τραπέζης : Alpha Bank,
2003.
|
| Θέματα: | |
| Ετικέτες: |
Προσθήκη ετικέτας
Δεν υπάρχουν, Καταχωρήστε ετικέτα πρώτοι!
|
MARC
| LEADER | 00000cam a2200000 i 4500 | ||
|---|---|---|---|
| 001 | 1/35318 | ||
| 008 | 030417s2003 gr | ||| |||| ||gre|| | ||
| 020 | |a 9602502592 | ||
| 035 | |l 10069857 | ||
| 040 | |a GR-MyUa |b gre |e AACR2 | ||
| 041 | 0 | |a gre | |
| 082 | 7 | |a 769.9495 |2 (21) | |
| 245 | 0 | 0 | |a Έλληνες χαράκτες στον εικοστό αιώνα : |b από τις συλλογές της Alpha Bank και του Μορφωτικού Ιδρύματος Εθνικής Τραπέζης / |c [Σχεδιασμός και επιμέλεια καταλόγου: Διονύσης Καψάλης]. |
| 260 | |a Αθήνα : |b Μορφωτικό Ίδρυμα Εθνικής Τραπέζης : |b Alpha Bank, |c 2003. | ||
| 300 | |a 125 σ. : |b έγχρ. εικ. ; |c 31 εκ. | ||
| 500 | |a Κατάλογος των έργων της έκθεσης Ελλήνων καλλιτεχνών που πραγματοποιήθηκε από τη συνεργασία της Εθνικής Τράπεζας και της Alpha Bank. | ||
| 650 | 0 | 0 | |a Printmakers |z Greece |x Exhibitions. |
| 650 | 0 | 0 | |a Prints, Greek |y 20th century |x Exhibitions. |
| 700 | 1 | |a Καψάλης, Διονύσης, |d 1952- |e edt | |
| 710 | 2 | |a Μορφωτικό Ίδρυμα Εθνικής Τραπέζης. | |
| 710 | 2 | |a Alpha Bank. | |
| 852 | |a INST |b SYROS |e 20030417 |h 769.9495 ΕΛΛ |p 005500003470 |q 005500003470 |t BK |y 0 | ||
| 901 | |a BIBL5-2003-1 | ||
| 970 | |a ΜΑΝΩΛΑΡΑΚΗ |b ΜΑΡΙΑ |z 2003/04/17 | ||